BUBT Library Online Catalog

The role of Nixon-Kissinger in the 1971 Pakistani war crimes against Bangladesh / (Record no. 6911)

000 -LEADER
fixed length control field 00817nam a22002177a 4500
003 - CONTROL NUMBER IDENTIFIER
control field BUBTL
008 - FIXED-LENGTH DATA ELEMENTS--GENERAL INFORMATION
fixed length control field 230109b ||||| |||| 00| 0 eng d
020 ## - INTERNATIONAL STANDARD BOOK NUMBER
International Standard Book Number 9789849624769
082 ## - DEWEY DECIMAL CLASSIFICATION NUMBER
Classification number 954.92/ N112r/ 2022
100 ## - MAIN ENTRY--PERSONAL NAME
9 (RLIN) 5155
Personal name Nabi, Nuran
245 ## - TITLE STATEMENT
Title The role of Nixon-Kissinger in the 1971 Pakistani war crimes against Bangladesh /
Statement of responsibility, etc. Nurun Nabi
250 ## - EDITION STATEMENT
Edition statement 1st Edn.
260 ## - PUBLICATION, DISTRIBUTION, ETC. (IMPRINT)
Place of publication, distribution, etc. Dhaka:
Name of publisher, distributor, etc. Ananya,
Date of publication, distribution, etc. c2022
300 ## - PHYSICAL DESCRIPTION
Extent 174 p.:
Dimensions 22 cm.
505 ## - FORMATTED CONTENTS NOTE
Formatted contents note The role of Nixon-Kissinger in the 1971 Pakistani war crimes against Bangladesh, Nixon-Kissinger, 1971, Pakistan, war crimes, Bangladesh, Nurun Nabi, Liberation War
650 #0 - SUBJECT ADDED ENTRY--TOPICAL TERM
9 (RLIN) 4963
Topical term or geographic name as entry element Liberation war
650 #0 - SUBJECT ADDED ENTRY--TOPICAL TERM
9 (RLIN) 1755
Topical term or geographic name as entry element মুক্তিযুদ্ধ
856 ## - ELECTRONIC LOCATION AND ACCESS
Password 0
Logon 0
Link text Download
942 ## - ADDED ENTRY ELEMENTS (KOHA)
Source of classification or shelving scheme
Koha item type Books
Holdings
Withdrawn status Lost status Source of classification or shelving scheme Damaged status Not for loan Collection code Permanent location Current location Shelving location Date acquired Source of acquisition Inventory number Total Checkouts Full call number Barcode Date last seen Copy number Price effective from Koha item type
          Non-fiction Bangladesh University of Business and Technology Library Bangladesh University of Business and Technology Library Historical Books 12/20/2022 Purchase 29140   954.92/ N112r/ 2022 BUBTL-200329140 01/09/2023 C-1 01/09/2023 Books
          Non-fiction Bangladesh University of Business and Technology Library Bangladesh University of Business and Technology Library Historical Books 12/20/2022 Purchase 29141   954.92/ N112r/ 2022 BUBTL-200329141 01/09/2023 C-2 01/09/2023 Books
          Non-fiction Bangladesh University of Business and Technology Library Bangladesh University of Business and Technology Library Historical Books 12/20/2022 Purchase 29142   954.92/ N112r/ 2022 BUBTL-200329142 01/09/2023 C-3 01/09/2023 Books
          Non-fiction Bangladesh University of Business and Technology Library Bangladesh University of Business and Technology Library Historical Books 12/20/2022 Purchase 29143   954.92/ N112r/ 2022 BUBTL-200329143 01/09/2023 C-4 01/09/2023 Books
          Non-fiction Bangladesh University of Business and Technology Library Bangladesh University of Business and Technology Library Historical Books 12/20/2022 Purchase 29144   954.92/ N112r/ 2022 BUBTL-200329144 01/09/2023 C-5 01/09/2023 Books

More Information About Library

Library Hours

  • Open: 9.00 am. to 9.00 pm.
  • Only Sunday: 9.00 am. to 6.00 pm.
  • Closed: Holiday

Contact to the University

Bangladesh University of Business and Technology Library

  • Mirpurl-2, 1216.
  • Phone:
  • Fax:
  • E-Mail: admin.library@bubt.edu.bd

Contact to the Library

Contact Person:

Md. Abdul Hakim Shah
Joint Librarian
PABX No:  113
Cell No: 01816332931
E-mail: official: admin.library@bubt.edu.bd
Personal: hakim.shah@bubt.edu.bd


BUBT Library

Copyright © 2021